[Event "Netanya Open 2019"]
[Site "Netanya"]
[Date "2019.06.23"]
[Round "1.11"]
[White "Sivuk, Vitaly"]
[Black "Cohen Revivo, Alon"]
[Result "1-0"]
[WhiteElo "2547"]
[BlackElo "2036"]
[Annotator "RC"]
[PlyCount "69"]
[EventDate "2019.06.23"]
[EventType "swiss"]
[EventCountry "ISR"]
[SourceTitle "playchess.com"]
[Source "ChessBase"]
[SourceQuality "1"]
[TimeControl "40/5400+30:1800+30"]

1. d4 {[%emt 0:00:00]} d5 {[%emt 0:00:00]} 2. c4 {[%emt 0:00:00]} Nc6 {[%emt 0:00:02]} 3. Nc3 {[%emt 0:00:42]} dxc4 {[%emt 0:00:45]} 4. Nf3 {[%emt 0:00:15]} Nf6 {[%emt 0:01:03]} 5. e4 {[%emt 0:11:53]} e6 {[%emt 0:02:25]} 6. Bxc4 {[%emt 0:02:58]} Be7 {[%emt 0:01:28]} 7. O-O {[%emt 0:00:25]} O-O {[%emt 0:00:12]} 8. a3 {[%emt 0:02:58]} a6 {[%emt 0:08:40]} 9. Ba2 {[%emt 0:00:35]} b6 {[%emt 0:02:03]} 10. Re1 {[%emt 0:01:22]} Bb7 {[%emt 0:00:54]} 11. h3 {[%emt 0:00:51]} Rc8 {[%emt 0:02:22]} 12. Bg5 {[%emt 0:03:49]} Nd7 {[%emt 0:18:18]} 13. Bf4 {[%emt 0:02:41]} Bf6 {[%emt 0:34:58]} 14. e5 {[%emt 0:03:50]} Be7 {[%emt 0:00:09]} 15. b4 {[%emt 0:01:40]} Na7 {[%emt 0:09:09]} 16. d5 {[%emt 0:01:07]} exd5 {[%emt 0:01:54]} 17. Nxd5 {[%emt 0:00:08]} Kh8 {[%emt 0:11:14]} 18. Qd3 {[%emt 0:02:54]} Bxd5 {[%emt 0:01:59]} 19. Bxd5 {[%emt 0:00:44]} Nb8 {[%emt 0:00:00]} 20. Qb3 {[%emt 0:01:24]} c5 {[%emt 0:01:28]} 21. bxc5 {[%emt 0:03:29]} Bxc5 {[%emt 0:00:28]} 22. Ng5 {[%emt 0:02:16]} Nbc6 {[%emt 0:00:14]} 23. Rad1 {[%emt 0:00:58]} Qe7 {[%emt 0:00:51]} 24. Qd3 {[%emt 0:05:47]} g6 {[%emt 0:00:01]} 25. e6 {[%emt 0:00:10]} f6 {[%emt 0:00:52]} 26. Nf7+ {[%emt 0:00:13]} Kg8 {[%emt 0:00:16]} 27. Qxa6 {[%emt 0:00:19]} Bxa3 {[%emt 0:00:54]} 28. Nd6 {[%emt 0:01:31]} Nb4 {[%emt 0:00:49]} 29. Qxa3 {[%emt 0:01:45]} Nc2 {[%emt 0:00:09]} 30. Qg3 {[%emt 0:01:09]} Rcd8 {[%emt 0:00:46]} 31. Re4 {[%emt 0:01:28]} g5 {[%emt 0:00:27]} 32. Nf5 {[%emt 0:00:42]} Qc5 {[%emt 0:00:39]} 33. e7+ {[%emt 0:00:16]} Rxd5 {[%emt 0:00:03]} 34. exf8=Q+ {[%emt 0:00:18]} Kxf8 {[%emt 0:00:06]} 35. Bd6+ {[%emt 0:00:11]} 1-0

[Event "Netanya Open 2019"]
[Site "Netanya"]
[Date "2019.06.23"]
[Round "1.12"]
[White "Tartakovsky, Daniel"]
[Black "Rozentalis, Eduardas"]
[Result "0-1"]
[WhiteElo "2034"]
[BlackElo "2540"]
[Annotator "TA"]
[PlyCount "80"]
[EventDate "2019.06.23"]
[EventType "swiss"]
[EventCountry "ISR"]
[SourceTitle "playchess.com"]
[Source "ChessBase"]
[SourceQuality "1"]

{[%evp 11,80,29,43,14,17,13,24,0,29,37,52,52,49,50,43,27,52,39,61,40,44,66,51,33,85,59,67,35,36,49,84,56,60,57,89,97,118,116,114,105,158,164,166,137,144,44,88,-142,-150,-156,-150,-147,-101,-81,0,-139,-52,-455,-455,-426,-447,-641,-644,-635,-612,-1122,-595,-29988,-29989,-29989,-29990]} 1. d4 Nf6 2. c4 e6 3. g3 Bb4+ 4. Bd2 c5 5. Bxb4 cxb4 6. Bg2 O-O 7. e4 {E00: Catalan Bogo-Indian (3 g3 Bb4+)} (7. Nf3 d6 8. O-O Nc6 9. a3 Qb6 10. axb4 Nxb4 11. Nc3 Bd7 12. e4 Rfd8 13. Qe2 h6 14. Rad1 Rac8 15. Rfe1 a5 16. e5 dxe5 17. Nxe5 Nc6 {½-½ (94) Kuzubov,Y (2663)-Fedorchuk,S (2637) Brest 2018}) 7... d6 8. Ne2 Qc7 9. b3 {White has an edge.} e5 10. a3 bxa3 11. O-O Nc6 12. Nxa3 a6 $146 ({Predecessor:} 12... Bg4 13. f3 Bd7 14. Nb5 Qb6 {1-0 (43) Wild,A (2142)-Meulner,K (2158) Forchheim 2013}) 13. Nb5 Qe7 14. Nbc3 Re8 15. Re1 exd4 16. Nxd4 Qe5 17. Nce2 Nb4 (17... Bd7 $14) 18. Nf4 (18. Nb5 {feels hotter.} Rd8 19. Qd2 Nc6 20. Nf4 Bg4 21. Nd3) 18... Qc5 19. Nd3 (19. Nb5 {is more complex.} Rd8 20. Qd2 Bh3 21. Nd4 Bg4 22. f3) 19... Nxd3 20. Qxd3 Ng4 21. Rad1 Bd7 22. h3 Ne5 23. Qd2 Rad8 {[#]} 24. Nf5 $1 Bxf5 25. exf5 d5 (25... b5 $142) 26. Qf4 $16 ({Much less strong is} 26. Bxd5 $6 Rxd5 27. Qxd5 Qxd5 $14) 26... d4 27. Bxb7 f6 28. Qd2 (28. Bd5+ $16 Kf8 29. Kg2) 28... Qb6 $14 29. f4 $2 {[#]} (29. Bg2 $16 {keeps the pressure on.}) 29... Qxb7 $17 30. fxe5 fxe5 31. Qg5 e4 32. f6 e3 (32... Rd7 $17) 33. Rd3 (33. Qf4 $11 {remains equal.}) 33... Qf7 (33... Rd7 $17 34. Re2 Re6 35. fxg7 Qf3) 34. Qxg7+ $2 {[%mdl 8192]} ({White should play} 34. Rf1 $15) 34... Qxg7 $19 35. fxg7 Kxg7 $15 {KRR-KRR} 36. Kf1 (36. c5 $142 Kf6 37. Rf1+ Ke5 38. Rf4) 36... Kf6 $19 37. Ke2 Ke5 38. Ra1 {intending Ra5+.} Rf8 39. Rxa6 Rf2+ 40. Ke1 Rdf8 {Accuracy: White = 35%, Black = 33%.} 0-1

[Event "Netanya Open 2019"]
[Site "Netanya"]
[Date "2019.06.23"]
[Round "1.13"]
[White "Kogan, Arthur"]
[Black "Gov, Guy"]
[Result "1-0"]
[WhiteElo "2535"]
[BlackElo "2024"]
[Annotator "TA"]
[PlyCount "49"]
[EventDate "2019.06.23"]
[EventType "swiss"]
[EventCountry "ISR"]
[SourceTitle "playchess.com"]
[Source "ChessBase"]
[SourceQuality "1"]

{[%evp 9,49,-9,10,8,24,3,21,22,29,15,20,-3,190,187,179,160,162,104,216,216,224,236,223,221,227,196,210,203,197,197,220,224,287,250,360,372,934,924,1801,1770,2844,2689]} 1. d4 Nf6 2. Nf3 e6 3. Bg5 h6 4. Bh4 Be7 5. Nbd2 b6 (5... d5 6. e3 c5 7. c3 Nc6 8. Bd3 b6 9. Bb5 Bd7 10. O-O O-O 11. Qe2 Ne4 12. Bxe7 Nxe7 13. Nxe4 dxe4 14. Nd2 Bxb5 15. Qxb5 f5 16. Nb3 Ng6 {0-1 (36) So,W (2815)-Giri,A (2785) chess.com INT 2017}) 6. e4 {A46: 1 d4 Nf6 2 Nf3 e6: Torre, London and Colle Systems} Bb7 7. Bd3 d6 8. Qe2 {The position is equal.} O-O 9. O-O-O Nbd7 $146 ({Predecessor:} 9... Nh5 10. Bxe7 Qxe7 11. g3 {0-1 (35) Eliet,N (2435)-Erwich,M (2416) Belgium 2008}) 10. g4 Nxg4 $2 (10... c5 $1 $11 {and Black has nothing to worry.}) 11. Bxe7 $18 Qxe7 12. Rhg1 h5 13. h3 {[%mdl 1024] White has strong compensation.} Nh6 (13... Ngf6 $16 {was called for.}) 14. Qe3 {Hoping for Qxh6.} Kh8 15. Rg5 f6 16. Nh4 {Black must now prevent Ng6+.} ({But not} 16. Rxh5 Qf7) 16... Qf7 17. Rg6 $40 {[%mdl 128] Threatens to win with e5! White has strong attack.} Rg8 {[#] intending ...Nf8.} 18. e5 $1 {[%mdl 512] Threatening mate with Rxh6+.} f5 (18... dxe5 19. Rxh6+) 19. Rdg1 Nf8 20. R6g5 dxe5 21. Qxe5 Nd7 (21... Rd8 {is a better defense.} 22. Nc4 Bd5) 22. Qf4 ({Much less strong is} 22. Qxc7 Nc5 $18) 22... c5 $2 (22... Rad8 23. Nc4 (23. Qxc7 Nc5 $18) 23... Kh7) 23. Nc4 {White is clearly winning.} Nf6 24. Ne5 Qe8 {[#]} 25. Rxg7 $1 {[%mdl 576] Discovered Attack. Accuracy: White = 89%, Black = 29%.} 1-0

[Event "Netanya Open 2019"]
[Site "Netanya"]
[Date "2019.06.23"]
[Round "1.14"]
[White "Cohen, Elad"]
[Black "Svetushkin, Dmitry"]
[Result "0-1"]
[WhiteElo "2019"]
[BlackElo "2532"]
[Annotator "TA"]
[PlyCount "120"]
[EventDate "2019.06.23"]
[EventType "swiss"]
[EventCountry "ISR"]
[SourceTitle "playchess.com"]
[Source "ChessBase"]
[SourceQuality "1"]

{[%evp 9,120,47,63,25,25,25,31,31,31,33,36,35,31,28,35,14,14,26,33,14,16,14,7,14,10,0,0,-6,-5,-18,28,29,47,38,50,13,13,8,19,15,14,10,14,0,0,-51,-57,-38,-26,-26,-8,-14,-11,-4,0,0,0,-27,-8,-8,-8,-122,-122,-122,-122,-122,-122,-122,-122,-116,-61,-62,-62,-335,-156,-156,-114,-114,0,-156,-156,-156,-156,-156,-156,-156,-27,-27,-8,-114,-114,-114,-114,-114,-114,-114,-114,-114,-114,-114,-114,-114,-114,-114,-114,-687,-586,-29980,-29981,-29981,-29982,-29982,-29983]} 1. e4 g6 2. d4 Bg7 3. Nf3 d6 4. Bc4 c6 5. Qe2 (5. Bb3 a5 6. a4 Nf6 7. Qe2 O-O 8. O-O Na6 9. c3 Qc7 10. Na3 e5 11. h3 exd4 12. cxd4 Re8 13. Ng5 d5 14. e5 h6 15. Qf3 Nh7 16. Nxh7 Kxh7 {1-0 (57) Van Foreest,J (2614)-Banikas,H (2601) Skopje 2018}) 5... d5 6. exd5 {B06: Modern Defence} cxd5 7. Bb3 Nc6 8. O-O $146 {White is slightly better.} ({Predecessor:} 8. Be3 Bg4 9. c3 Nf6 10. O-O Qd6 11. Nbd2 O-O 12. h3 Bf5 {1-0 (56) Walther,J-Friedrich,W ICCF corr 1990}) 8... Nf6 9. c3 O-O 10. Re1 e6 11. Nbd2 b6 12. Ba4 Bb7 13. Ne5 Qc7 14. Nxc6 Bxc6 15. Bxc6 Qxc6 16. Nf3 Nd7 17. Bf4 b5 18. Ne5 Nxe5 19. Bxe5 f6 20. Bg3 Kf7 21. a4 a6 $1 22. axb5 axb5 23. h3 (23. h4 {looks sharper.} h5 24. Bf4 Rfe8 25. g3 Ra4 26. Qd3) 23... Ra6 24. Rxa6 Qxa6 25. Qe3 Ra8 26. Qf4 Qb7 27. Qc7+ (27. Qc1 $11) 27... Qxc7 $15 28. Bxc7 {[%mdl 4096] Endgame KRB-KRB} Ra2 29. Bd6 Rxb2 30. Ra1 g5 31. g4 f5 32. Ra7+ Kg6 33. Ra6 fxg4 34. hxg4 h5 35. Be5 (35. Bc5 $11) 35... Bxe5 $1 $17 36. gxh5+ Kf5 $1 37. dxe5 {[#] With the idea h6. KR-KR} b4 $1 {[%cal Rb4c3]} ({Avoid the trap} 37... Kxe5 $2 38. h6 $18) 38. cxb4 Rxb4 39. Ra8 Kxe5 (39... Rh4 $17 40. Rh8 Kxe5) 40. Rg8 $15 Kf6 41. h6 $2 {[%mdl 8192]} (41. Kg2 $15) 41... Rb7 (41... Rh4 $19 {is more deadly.} 42. Rf8+ Kg6) 42. Rh8 $17 Kg6 43. Re8 Kf6 ({But not} 43... Kxh6 $6 44. Rxe6+ Kh5 45. Rd6 $11) 44. Rh8 $1 Re7 45. Kf1 Kg6 46. Ke2 Rh7 47. Rg8+ Kh5 ({Don't take} 47... Kxh6 48. Re8 $15) ({Black should try} 47... Kf5 $17 48. Rf8+ Ke5) 48. f4 $1 $11 {[%cal Rf4g5]} g4 49. Rg5+ (49. Kf2 $1 $11) 49... Kxh6 $17 50. Rxg4 Rg7 51. Rh4+ Kg6 52. Ke3 Kf6 53. Rh6+ Rg6 54. Rh3 Ke7 55. Rh7+ Kd6 56. Ra7 Rg3+ 57. Kd4 $2 {[%mdl 8192]} (57. Kd2 $17) 57... Rf3 $19 58. Rf7 {[#]} Rxf4+ $1 {[%mdl 64] Remove Defender, Decoy. Black mates.} 59. Rxf4 e5+ {[%mdl 64] Double Attack} 60. Ke3 exf4+ {Accuracy: White = 48%, Black = 51%.} 0-1

[Event "Netanya Open 2019"]
[Site "Netanya"]
[Date "2019.06.23"]
[Round "1.15"]
[White "Baron, Tal"]
[Black "Kharlamov, Igor"]
[Result "1-0"]
[WhiteElo "2524"]
[BlackElo "2019"]
[Annotator "ChessBase"]
[PlyCount "71"]
[EventDate "2019.06.23"]
[EventType "swiss"]
[EventCountry "ISR"]
[SourceTitle "playchess.com"]
[Source "ChessBase"]
[SourceQuality "1"]
[TimeControl "40/5400+30:1800+30"]

1. d4 {[%emt 0:00:00]} Nf6 {[%emt 0:00:35]} 2. c4 {[%emt 0:00:00]} e6 {[%emt 0:00:30]} 3. Nc3 {[%emt 0:00:00]} Bb4 {[%emt 0:00:27]} 4. f3 {[%emt 0:00:00]} d5 {[%emt 0:02:19]} 5. a3 {[%emt 0:00:00]} Be7 {[%emt 0:02:17]} 6. e4 {[%emt 0:00:00]} O-O {[%emt 0:05:48]} 7. e5 {[%emt 0:01:21]} Nfd7 {[%emt 0:05:02]} 8. cxd5 {[%emt 0:00:21]} exd5 {[%emt 0:00:08]} 9. Nxd5 {[%emt 0:02:44]} c5 {[%emt 0:04:31]} 10. f4 {[%emt 0:02:39]} cxd4 {[%emt 0:01:33]} 11. Nxe7+ {[%emt 0:00:48]} Qxe7 {[%emt 0:00:07]} 12. Nf3 {[%emt 0:00:15]} Nc5 {[%emt 0:09:28]} 13. b4 {[%emt 0:03:07]} Ne4 {[%emt 0:06:35]} 14. Qxd4 {[%emt 0:08:46]} f5 {[%emt 0:02:35]} 15. Bd3 {[%emt 0:14:15]} Nc6 {[%emt 0:10:19]} 16. Qe3 {[%emt 0:00:58]} Be6 {[%emt 0:09:58]} 17. O-O {[%emt 0:02:43]} Rad8 {[%emt 0:08:49]} 18. Bb2 {[%emt 0:03:27]} a5 {[%emt 0:08:56]} 19. b5 {[%emt 0:06:30]} Qc5 {[%emt 0:01:07]} 20. Qxc5 {[%emt 0:00:23]} Nxc5 {[%emt 0:00:07]} 21. Bc2 {[%emt 0:02:58]} Ne7 {[%emt 0:01:01]} 22. Nd4 {[%emt 0:04:27]} Bc4 {[%emt 0:02:47]} 23. Rfc1 {[%emt 0:03:30]} Bd3 {[%emt 0:03:39]} 24. a4 {[%emt 0:08:07]} Nd5 {[%emt 0:05:05]} 25. Bb1 {[%emt 0:01:52]} b6 {[%emt 0:01:36]} 26. Ba2 {[%emt 0:04:36]} Kh8 {[%emt 0:02:52]} 27. Nc6 {[%emt 0:00:03]} Nxf4 {[%emt 0:01:53]} 28. Nxd8 {[%emt 0:00:03]} Rxd8 {[%emt 0:01:31]} 29. Re1 {[%emt 0:06:10]} Be4 {[%emt 0:00:42]} 30. Rad1 {[%emt 0:00:59]} Nfd3 {[%emt 0:00:54]} 31. Re3 {[%emt 0:03:44]} Nxa4 {[%emt 0:01:10]} 32. Ba1 {[%emt 0:00:28]} Nac5 {[%emt 0:00:05]} 33. Bf7 {[%emt 0:01:24]} f4 {[%emt 0:01:27]} 34. Rxe4 {[%emt 0:01:44]} Nxe4 {[%emt 0:00:09]} 35. e6 {[%emt 0:00:02]} Rc8 {[%emt 0:00:53]} 36. e7 {[%emt 0:00:26]} 1-0

[Event "Netanya Open 2019"]
[Site "Netanya"]
[Date "2019.06.23"]
[Round "1.16"]
[White "Stolyarsky, Yegor"]
[Black "Rechlis, Gad"]
[Result "0-1"]
[WhiteElo "2007"]
[BlackElo "2506"]
[Annotator "TA"]
[PlyCount "106"]
[EventDate "2019.06.23"]
[EventType "swiss"]
[EventCountry "ISR"]
[SourceTitle "playchess.com"]
[Source "ChessBase"]
[SourceQuality "1"]

{[%evp 11,106,33,51,41,45,45,50,50,47,8,25,27,45,54,66,68,68,58,68,54,40,33,76,60,59,-62,-64,-56,-56,-79,-69,-81,-47,-208,-202,-228,-224,-202,-206,-206,-213,-212,-220,-213,-217,-200,-216,-216,-214,-231,-194,-207,-197,-224,-216,-227,0,-230,-216,-203,-218,-206,-204,-238,-243,-238,-192,-265,-265,-396,-359,-650,-603,-810,-726,-881,-875,-883,-850,-849,-789,-1119,-723,-605,-578,-752,-756,-1388,-1410,-1395,-1395,-1300,-1262,-29987,-29988,-29988,-29985]} 1. d4 Nf6 2. Nf3 g6 3. c4 Bg7 4. Nc3 O-O 5. e4 d6 6. h3 a6 7. Bd3 {E90: King's Indian: Classical: Early deviations and 6 h3} (7. Be3 Nbd7 8. e5 Ne8 9. exd6 Nxd6 10. Qd2 Nf5 11. Bf4 c5 12. d5 e5 13. dxe6 fxe6 14. Bd3 Nd4 15. Nxd4 cxd4 {½-½ (53) Istratescu,A (2565)-Iordachescu,V (2597) Bucharest 2018}) 7... Nbd7 8. O-O e5 9. d5 {White is slightly better.} Nh5 10. Kh2 $146 ({Predecessor:} 10. Be3 Nf4 11. Bc2 a5 12. a3 f5 13. exf5 gxf5 14. Bxf4 exf4 {1-0 (64) Semcesen,D (2387)-Ivanov,M (2470) Ballerup 2009}) 10... Nf4 11. Bc2 Nb6 12. b3 $1 g5 13. Be3 Qf6 14. Ng1 Nd7 15. g3 Qh6 16. gxf4 (16. Qf3 {feels hotter.} Nc5 17. h4 Nd7 18. Bd2 Nf6 19. Qd1) 16... gxf4 17. Bd2 Kh8 18. Bd3 (18. Qf3 $14) 18... Rg8 $1 $15 {[%mdl 1024] Black has compensation.} 19. Be2 Nf6 20. Bf3 Qh4 21. Be1 Bh6 {Hoping for ...Rxg1!} 22. Bg2 $2 {[#]} (22. Nce2 $1 $15) 22... Rxg2+ $1 $19 {[%mdl 512]} 23. Kxg2 Bxh3+ $1 24. Nxh3 Rg8+ 25. Kh2 {aiming for Qf3.} Ng4+ 26. Qxg4 Rxg4 ({Less strong is} 26... Qxg4 27. Rg1 $15) 27. f3 {[#]} Rg3 $1 {[%mdl 512]} 28. Bxg3 Qxg3+ 29. Kh1 Qxh3+ 30. Kg1 Qg3+ 31. Kh1 Bg5 32. Rac1 Qh3+ 33. Kg1 Qg3+ 34. Kh1 Bh4 35. Rc2 Qh3+ 36. Kg1 {intending Rh2.} Bg3 37. Rg2 h5 38. Nd1 c5 39. Nf2 (39. dxc6 {was called for.} bxc6 40. Rd2) 39... Qd7 40. Rb1 (40. Nd1 {might work better.}) 40... h4 41. Ng4 $2 (41. Nd3) 41... f5 42. Nf2 {[#]} h3 $1 {[%mdl 512]} 43. Rh2 (43. Nxh3 fxe4) 43... Bxh2+ 44. Kxh2 {[%mdl 4096] Endgame KQ-KRN} Qh7 {...Qh5 is the strong threat.} 45. exf5 Qh5 46. Ng4 Qxf5 47. Rg1 Qg6 48. Kh1 e4 49. Nf2 Qh5 50. Rg4 e3 51. Nd3 e2 52. Rxf4 Qg5 {[%csl Gh3][%cal Rg5g2]} 53. Rg4 {[#]} Qd2 $1 {[%mdl 64] Double Attack. Accuracy: White = 42%, Black = 82%.} 0-1

[Event "Netanya Open 2019"]
[Site "Netanya"]
[Date "2019.06.23"]
[Round "1.18"]
[White "Iliaguev, Daniel"]
[Black "Dvoirys, Semen I."]
[Result "0-1"]
[WhiteElo "1993"]
[BlackElo "2502"]
[Annotator "RC"]
[PlyCount "100"]
[EventDate "2019.06.23"]
[EventType "swiss"]
[EventCountry "ISR"]
[SourceTitle "playchess.com"]
[Source "ChessBase"]
[SourceQuality "1"]
[TimeControl "40/5400+30:1800+30"]

1. d4 {[%emt 0:00:00]} Nf6 {[%emt 0:00:00]} 2. Bg5 {[%emt 0:00:39]} c5 {[%emt 0:00:00]} 3. d5 {[%emt 0:00:54]} Qb6 {[%emt 0:00:00]} 4. Nc3 {[%emt 0:00:07]} Qxb2 {[%emt 0:00:08]} 5. Bd2 {[%emt 0:00:08]} Qb6 {[%emt 0:00:07]} 6. e4 {[%emt 0:00:43]} e5 {[%emt 0:00:10]} 7. f4 {[%emt 0:06:52]} d6 {[%emt 0:00:13]} 8. fxe5 {[%emt 0:00:08]} dxe5 {[%emt 0:00:06]} 9. Nf3 {[%emt 0:04:09]} Bd6 {[%emt 0:00:27]} 10. Rb1 {[%emt 0:11:02]} Qc7 {[%emt 0:17:40]} 11. Bc4 {[%emt 0:18:53]} a6 {[%emt 0:00:26]} 12. a4 {[%emt 0:00:06]} O-O {[%emt 0:02:45]} 13. O-O {[%emt 0:00:47]} Ne8 {[%emt 0:10:51]} 14. Qe2 {[%emt 0:06:39]} Be7 {[%emt 0:02:19]} 15. d6 {[%emt 0:02:56]} Qxd6 {[%emt 0:00:17]} 16. Nd5 {[%emt 0:07:19]} Nd7 {[%emt 0:13:59]} 17. Ba5 {[%emt 0:01:10]} b5 {[%emt 0:02:35]} 18. Ba2 {[%emt 0:04:01]} Bb7 {[%emt 0:08:39]} 19. Rbd1 {[%emt 0:06:56]} c4 {[%emt 0:03:12]} 20. Bb4 {[%emt 0:13:12]} Nc5 {[%emt 0:00:13]} 21. Nh4 {[%emt 0:00:24]} Bxh4 {[%emt 0:04:33]} 22. Nf6+ {[%emt 0:00:28]} Qxf6 {[%emt 0:05:20]} 23. Rxf6 {[%emt 0:00:22]} Nxf6 {[%emt 0:00:07]} 24. Bxc5 {[%emt 0:00:09]} Rfe8 {[%emt 0:03:36]} 25. Bb6 {[%emt 0:05:56]} Nxe4 {[%emt 0:03:11]} 26. Rd7 {[%emt 0:00:45]} Bc6 {[%emt 0:00:18]} 27. Rc7 {[%emt 0:02:08]} Bd5 {[%emt 0:00:10]} 28. Qd1 {[%emt 0:06:04]} Be6 {[%emt 0:01:55]} 29. Rc6 {[%emt 0:00:37]} Nc3 {[%emt 0:01:41]} 30. Qa1 {[%emt 0:00:13]} Nxa4 {[%emt 0:02:33]} 31. Be3 {[%emt 0:00:27]} Bf6 {[%emt 0:00:22]} 32. Rxe6 {[%emt 0:01:08]} Rxe6 {[%emt 0:00:18]} 33. Bxc4 {[%emt 0:00:02]} bxc4 {[%emt 0:02:22]} 34. Qxa4 {[%emt 0:00:02]} Rc8 {[%emt 0:00:11]} 35. g4 {[%emt 0:00:17]} h6 {[%emt 0:00:24]} 36. Kf2 {[%emt 0:00:24]} Bg5 {[%emt 0:01:02]} 37. Qd7 {[%emt 0:01:32]} Rd8 {[%emt 0:01:01]} 38. Qc7 {[%emt 0:00:09]} Bxe3+ {[%emt 0:00:23]} 39. Kxe3 {[%emt 0:00:02]} Rd4 {[%emt 0:00:16]} 40. h3 {[%emt 0:00:47]} g6 {[%emt 0:00:34]} 41. Qc8+ {[%emt 0:31:14]} Kg7 {[%emt 0:30:19]} 42. Qc7 {[%emt 0:00:07]} Rd1 {[%emt 0:05:52]} 43. Qxc4 {[%emt 0:00:00]} Rh1 {[%emt 0:00:00]} 44. Kf3 {[%emt 0:00:00]} Rxh3+ {[%emt 0:00:00]} 45. Kg2 {[%emt 0:00:00]} Rh4 {[%emt 0:00:00]} 46. Kg3 {[%emt 0:00:00]} Rh1 {[%emt 0:00:00]} 47. Qd5 {[%emt 0:00:00]} Rg1+ {[%emt 0:00:00]} 48. Kh3 {[%emt 0:00:00]} Ra1 {[%emt 0:00:00]} 49. c4 {[%emt 0:00:00]} a5 {[%emt 0:00:00]} 50. c5 {[%emt 0:00:00]} Rc1 {[%emt 0:00:00]} 0-1

[Event "Netanya Open 2019"]
[Site "Netanya"]
[Date "2019.06.23"]
[Round "1.19"]
[White "Zoler, Dan"]
[Black "Uritsky, Yonathan"]
[Result "1-0"]
[WhiteElo "2499"]
[BlackElo "1984"]
[Annotator "RC"]
[PlyCount "91"]
[EventDate "2019.06.23"]
[EventType "swiss"]
[EventCountry "ISR"]
[SourceTitle "playchess.com"]
[Source "ChessBase"]
[SourceQuality "1"]
[TimeControl "40/5400+30:1800+30"]

1. d4 {[%emt 0:00:00]} Nf6 {[%emt 0:00:00]} 2. c4 {[%emt 0:00:00]} g6 {[%emt 0:00:17]} 3. Nf3 {[%emt 0:00:00]} Bg7 {[%emt 0:00:24]} 4. g3 {[%emt 0:00:00]} c5 {[%emt 0:00:20]} 5. d5 {[%emt 0:00:15]} b5 {[%emt 0:01:20]} 6. cxb5 {[%emt 0:00:43]} a6 {[%emt 0:00:59]} 7. bxa6 {[%emt 0:00:08]} Bxa6 {[%emt 0:00:10]} 8. Bg2 {[%emt 0:00:18]} d6 {[%emt 0:01:25]} 9. O-O {[%emt 0:00:07]} O-O {[%emt 0:00:59]} 10. Nc3 {[%emt 0:00:05]} Nbd7 {[%emt 0:01:29]} 11. Re1 {[%emt 0:01:41]} Rb8 {[%emt 0:02:23]} 12. Rb1 {[%emt 0:05:35]} Ng4 {[%emt 0:05:25]} 13. Bd2 {[%emt 0:06:46]} Nge5 {[%emt 0:02:38]} 14. Nxe5 {[%emt 0:01:17]} Nxe5 {[%emt 0:00:17]} 15. b3 {[%emt 0:00:33]} Qc7 {[%emt 0:05:47]} 16. Qc2 {[%emt 0:09:52]} Rfc8 {[%emt 0:02:41]} 17. Rec1 {[%emt 0:09:26]} Qa7 {[%emt 0:04:16]} 18. h3 {[%emt 0:02:00]} Rb7 {[%emt 0:01:47]} 19. Qd1 {[%emt 0:16:22]} Qb8 {[%emt 0:04:22]} 20. a3 {[%emt 0:08:23]} Nd7 {[%emt 0:17:10]} 21. Ne4 {[%emt 0:03:11]} h6 {[%emt 0:06:42]} 22. Bc3 {[%emt 0:01:30]} Nb6 {[%emt 0:40:09]} 23. Bxg7 {[%emt 0:01:40]} Kxg7 {[%emt 0:00:00]} 24. e3 {[%emt 0:00:37]} Rcc7 {[%emt 0:00:00]} 25. Qd2 {[%emt 0:05:20]} Kh7 {[%emt 0:00:00]} 26. Kh2 {[%emt 0:12:25]} Nc4 {[%emt 0:00:00]} 27. Qa2 {[%emt 0:03:35]} Ne5 {[%emt 0:00:00]} 28. Rc3 {[%emt 0:02:10]} Rb6 {[%emt 0:00:00]} 29. f4 {[%emt 0:01:25]} Nd7 {[%emt 0:00:00]} 30. Nd2 {[%emt 0:01:20]} Ra7 {[%emt 0:00:00]} 31. Qc2 {[%emt 0:00:40]} Rbb7 {[%emt 0:00:00]} 32. e4 {[%emt 0:01:01]} Rb6 {[%emt 0:00:00]} 33. Re1 {[%emt 0:00:29]} e6 {[%emt 0:00:00]} 34. dxe6 {[%emt 0:03:53]} fxe6 {[%emt 0:00:00]} 35. h4 {[%emt 0:00:11]} Nf6 {[%emt 0:00:00]} 36. Bh3 {[%emt 0:00:38]} Qg8 {[%emt 0:00:00]} 37. e5 {[%emt 0:00:43]} Nd5 {[%emt 0:00:00]} 38. Rf3 {[%emt 0:00:26]} Bb7 {[%emt 0:00:00]} 39. Nc4 {[%emt 0:00:30]} Rba6 {[%emt 0:00:00]} 40. Rf2 {[%emt 0:00:32]} dxe5 {[%emt 0:00:00]} 41. Rxe5 {[%emt 0:30:45]} Bc8 {[%emt 0:23:33]} 42. h5 {[%emt 0:01:57]} Rg7 {[%emt 0:00:59]} 43. hxg6+ {[%emt 0:00:00]} Rxg6 {[%emt 0:00:00]} 44. Rh5 {[%emt 0:00:00]} Kh8 {[%emt 0:00:00]} 45. Ne5 {[%emt 0:00:00]} Rf6 {[%emt 0:00:00]} 46. Qxc5 {[%emt 0:00:00]} 1-0